| 000 | 00000cam 2200000zi 4500 |
| 001 | 9.962765 |
| 003 | CaOODSP |
| 005 | 20260513115119 |
| 006 | m o d f |
| 007 | cr mn||||||||| |
| 008 | 260513s1986 onc ob f000 0 fre d |
| 040 | |aCaOODSP|bfre|erda|cCaOODSP |
| 043 | |an-cn--- |
| 086 | 1 |aJS4-1/1984-70F-PDF |
| 100 | 1 |aWhittingham, Michael David, |eauteur. |
| 245 | 13|aLe rôle des réformateurs et des bénévoles dans le progrès des réformes du système correctionnel canadien depuis la Confédération / |cMichael D. Whittingham. |
| 264 | 1|a[Ottawa] : |bSolliciteur général du Canada, Secrétariat du Ministère, Direction des programmes, |c1986. |
| 300 | |a1 ressource en ligne (1 volume (pagination multiple)). |
| 336 | |atexte|btxt|2rdacontent/fre |
| 337 | |ainformatique|bc|2rdamedia/fre |
| 338 | |aressource en ligne|bcr|2rdacarrier/fre |
| 490 | 1 |aDirection des programmes - rapport pour spécialistes ; |vno. 1984-70 |
| 500 | |aÉdition numérisée de l'imprimée [par Sécurité publique Canada]. |
| 500 | |aPublié aussi en anglais sous le titre : The role of reformers and volunteers in the advance of correctional reform in Canada, since Confederation. |
| 500 | |a« Ce document de travail a été préparé en 1986 et est présenté tel que soumis au ministère. Les idées exprimées sont celles des auteurs et ne sont pas nécessairement celles du ministère du Solliciteur général du Canada. » |
| 504 | |aComprend des références bibliographiques. |
| 520 | |a« L'objet principal de notre étude est l'évolution des établissements correctionnels fédéraux depuis la Confédération. Cependant, il est nécessaire d'en situer les origines; celles-ci remontent à l'apparition de l'État institutionnel, d'abord en Angleterre puis en Amérique du Nord dont l'essor se situe à la fin du XVIIIe siècle » -- Page 2. |
| 650 | 6|aRéhabilitation|xPolitique gouvernementale|zCanada. |
| 650 | 6|aRéformateurs sociaux|zCanada. |
| 650 | 6|aEnquêtes publiques|zCanada. |
| 710 | 1 |aCanada. |bSolliciteur général Canada.|bDirection des programmes, |eorganisme de publication. |
| 775 | 08|tThe role of reformers and volunteers in the advance of correctional reform in Canada, since Confederation / |w(CaOODSP)9.962762 |
| 830 | #0|aRapport pour spécialistes (Canada. Solliciteur général Canada)|vno. 1984-70.|w(CaOODSP)9.808484 |
| 856 | 40|qPDF|s1.68 Mo|uhttps://publications.gc.ca/collections/collection_2026/sp-ps/js4-1/JS4-1-1984-70-fra.pdf |